000 00985nam a2200217Ia 4500
001 1297
003 GE_BSU
008 181216s||||||||xx |||||||||||||| ||und||
020 _a9789941126130
040 _cGE_BSU
080 _a631.8(075.8)
100 _aბუაჩიძე, კ; [და სხვ.].
245 _aსოფლის მეურნეობაში პესტიციდებისა და აგროქიმიკატების უსაფრთხო გამოყენების საფუძვლები.
260 _aთბილისი
260 _bუნივერსალი
260 _c2009
300 _a282 გვ. 19 სმ.
541 _h10 ლ.
653 _aსოფლის მეურნეობაში პესტიციდებისა და აგროქიმიკატების უსაფრთხო გამოყენების საფუძვლები.
942 _cBK
999 _c35439
_d35439